| 000 | 00580ata a2200229 4500 | ||
|---|---|---|---|
| 005 | 20240503142142.0 | ||
| 008 | 150519b2002 xxu||||| |||| 00| 0 spa d | ||
| 020 | _a8495456958 | ||
| 041 | _aESP | ||
| 082 | _a500.078 D611e | ||
| 100 | _aDispezio, Michael A. | ||
| 245 | _aExperimentos sencillos sobre ilusiones ópticas | ||
| 260 | _aMéxico | ||
| 260 | _bEdiciones Paidós | ||
| 260 | _c2002 | ||
| 300 | _a126 páginas | ||
| 440 | _aEl juego de la ciencia | ||
| 650 | _aEXPERIMENTOS | ||
| 650 | _aILUSIONES ÓPTICAS | ||
| 650 | _aTRUCOS VISUALES | ||
| 942 |
_cBK _2ddc |
||
| 999 |
_c5655 _d5655 |
||